|
|
|
|
| LEADER |
00000ny a22000003n 4500 |
| 005 |
20110617145048.0 |
| 008 |
090122s2008 sp b 000 0 spa c |
| 017 |
|
|
|a D.L.SE4557-08
|
| 020 |
|
|
|a 9788498492927
|
| 035 |
|
|
|a 2724
|
| 040 |
|
|
|a SpMaUCDE
|d vLex
|
| 080 |
|
|
|a 342.4(460)(091)
|
| 090 |
|
|
|c 844
|d 844
|
| 100 |
1 |
|
|a Nę︢z Martn̕ez, Mara̕
|
| 245 |
1 |
0 |
|a Cuba y Puerto Rico en el Constitucionalismo espaǫl
|h [Recurso electrn̤ico]
|b las cartas autonm̤icas primer antecedente del Estado Autonm̤ico espaǫl /
|c Mara̕ Nę︢z Martn̕ez
|
| 256 |
|
|
|a Servicio en ln̕ea
|
| 260 |
|
|
|a Madrid :
|b Dykinson,
|c D.L. 2008
|
| 300 |
|
|
|a 124 p. ;
|c 21 cm.
|
| 504 |
|
|
|a Bibliografa̕: p.[121]-124
|
| 506 |
1 |
|
|a Contenido solo disponible en los productos indicados
|d vLex Global
|d vLex Global (Academic Edition, excluding Law Schools)
|d vLex Global (U.S. Academic Edition, Law Schools)
|d vLex Global (U.S. Academic Edition, excluding Law Schools)
|d vLex Global (Academic Edition, Law Schools)
|
| 650 |
0 |
7 |
|a Administrativo
|2 Tesauro vLex
|
| 650 |
0 |
7 |
|a Organizacin̤ territorial del Estado
|2 Tesauro vLex
|
| 650 |
0 |
7 |
|a Historia constitucional
|2 Tesauro vLex
|
| 650 |
0 |
7 |
|a Constitucionalismo
|2 Tesauro vLex
|
| 650 |
0 |
7 |
|a Teora̕ constitucional
|2 Tesauro vLex
|
| 650 |
0 |
7 |
|a Gobierno autonm̤ico
|2 Tesauro vLex
|
| 651 |
|
4 |
|a Espaą
|x Historia constitucional
|x Influencia
|
| 740 |
0 |
|
|a vLex Libros (Servicios en ln̕ea)
|
| 856 |
4 |
0 |
|u http://vlex.com/source/2724
|z Acceso restringido
|
| 942 |
|
|
|c BOOK
|
| 999 |
0 |
|
|a Law
|b Madrid
|